قاموس عبرى عربى / (رقم التسجيلة. 90154)
[ عرض عادي ]
| 000 -LEADER | |
|---|---|
| fixed length control field | 00779aam a2200241 4500 |
| 003 - CONTROL NUMBER IDENTIFIER | |
| control field | EG-GiCUC |
| 008 - FIXED-LENGTH DATA ELEMENTS--GENERAL INFORMATION | |
| fixed length control field | 061210s1970 le f d 000 0 ara d |
| 040 ## - CATALOGING SOURCE | |
| Original cataloging agency | EG-GiCUC |
| Language of cataloging | ara |
| Transcribing agency | EG-GiCUC |
| 041 1# - LANGUAGE CODE | |
| Language code of text/sound track or separate title | ara |
| Language code of original | heb |
| 050 #4 - LIBRARY OF CONGRESS CALL NUMBER | |
| Classification number | PJ4847 |
| Item number | K6 |
| 092 04 - LOCALLY ASSIGNED DEWEY CALL NUMBER (OCLC) | |
| Classification number | 492.431 |
| Item number | K798 1970 |
| Edition number | 21 |
| 099 ## - LOCAL FREE-TEXT CALL NUMBER (OCLC) | |
| Classification number | 04 |
| -- | 492.431 K798 1970 |
| 100 1# - MAIN ENTRY--PERSONAL NAME | |
| Personal name | قوجمان : ى |
| 245 10 - TITLE STATEMENT | |
| Title | قاموس عبرى عربى / |
| Statement of responsibility, etc. | قوجمان ى |
| 260 ## - PUBLICATION, DISTRIBUTION, ETC. | |
| Place of publication, distribution, etc. | [بيروت] : |
| Name of publisher, distributor, etc. | مكتبة المحتسب : |
| Date of publication, distribution, etc. | [1970] |
| 300 ## - PHYSICAL DESCRIPTION | |
| Extent | 1035ص ؛ |
| Dimensions | 25سم |
| 650 #7 - SUBJECT ADDED ENTRY--TOPICAL TERM | |
| Topical term or geographic name entry element | اللغة العبرية |
| Form subdivision | المعاجم |
| General subdivision | عربى |
| Source of heading or term | qrmak |
| 650 #7 - SUBJECT ADDED ENTRY--TOPICAL TERM | |
| Topical term or geographic name entry element | اللغة العربية |
| Form subdivision | المعاجم |
| General subdivision | عبرى |
| Source of heading or term | qrmak |
| 902 ## - LOCAL DATA ELEMENT B, LDB (RLIN) | |
| No. of Items | 6 |
| 905 ## - LOCAL DATA ELEMENT E, LDE (RLIN) | |
| Cataloger | ابراهيم |
| Reviser | مدخل |
| 905 ## - LOCAL DATA ELEMENT E, LDE (RLIN) | |
| Cataloger | ايمان ع |
| Reviser | مراجع |
| 942 ## - ADDED ENTRY ELEMENTS (KOHA) | |
| Source of classification or shelving scheme | Dewey Decimal Classification |
| Koha item type | Reference |
| Source of classification or shelving scheme | Not for loan | Home library | Current library | Date acquired | Full call number | Barcode | Date last seen | Koha item type | Copy number |
|---|---|---|---|---|---|---|---|---|---|
| Dewey Decimal Classification | المكتبة المركزبة الجديدة - جامعة القاهرة | المكتبة المركزبة الجديدة - جامعة القاهرة | 11.02.2024 | 492.431 K798 1970 | 01000100076575000 | 22.09.2023 | Books | ml | |
| Dewey Decimal Classification | المكتبة المركزبة الجديدة - جامعة القاهرة | قاعة الثقاقات الاجنبية - الدور الثالث | 11.02.2024 | 492.431 K798 1970 Ref. Stud. | 01000100140867000 | 05.07.2024 | Reference | ||
| Dewey Decimal Classification | المكتبة المركزبة الجديدة - جامعة القاهرة | قاعة المراجع - الدور الثاني | 11.02.2024 | 492.431 K798 1970 c.1 Ref. | 01000100097347000 | 22.09.2023 | Reference | ||
| Dewey Decimal Classification | المكتبة المركزبة الجديدة - جامعة القاهرة | قاعة المراجع - الدور الثاني | 11.02.2024 | 492.431 K798 1970 c.2 Ref C.1 | 01000100107461000 | 22.09.2023 | Reference | ||
| Dewey Decimal Classification | المكتبة المركزبة الجديدة - جامعة القاهرة | قاعة المراجع - الدور الثاني | 11.02.2024 | 492.431 K798 1970 c.3 Ref. | 01000100107722000 | 22.09.2023 | Reference | ||
| Dewey Decimal Classification | المكتبة المركزبة الجديدة - جامعة القاهرة | قاعة المراجع - الدور الثاني | 11.02.2024 | 492.431 K798 1970 c.4 Ref. | 01000100091962000 | 22.09.2023 | Reference |